| 000 | 00402nam a2200097Ia 4500 | ||
|---|---|---|---|
| 008 | 180130s9999 xx 000 0 und d | ||
| 245 |
_cScalise, Kathleen; Ketterlin-Geller, Leanne R. _aReciprocal leading: improving instructional designs in e-learning |
||
| 260 | _c2015 | ||
| 300 | _aBook title: An integrated approach to e-learning--Acession number C20654; pages 89-106 | ||
| 650 | _aEDUCATION--E-LEARNING | ||
| 999 |
_c353728 _d353728 |
||